1998: NFL Teams with the Most Points - Statistics

General Stats
  • This quiz has been taken 9 times
  • The average score is 8 of 10
Answer Stats
Number of points NFL Team % Correct
408 Green Bay Packers
100%
556 Minnesota Vikings
100%
381 Dallas Cowboys
89%
501 Denver Broncos
89%
416 New York Jets
89%
479 San Francisco 49ers
89%
400 Buffalo Bills
78%
443 Atlanta Falcons
67%
372 Seattle Seahawks
67%
392 Jacksonville Jaguars
56%
No matching quizzes found
Score Distribution
Percent of People with Each Score
Percentile by Number Answered
Your Score History
You have not taken this quiz